01213nab a22002177a 4500999001500000003000400015005001700019008004100036040000700077100003200084245019700116260007300313300001300386500003500399505025700434505008100691650002300772700002700795773016000822942001300982 c6419d6419OSt20260202133259.0190429b xxu||||| |||| 00| 0 spa d cPJ aCartolano, Mariano J.9705310a"Ni santas, ni pecadoras" : bdéficits de género en la imputación a la mujer del homicidio agravado por el vínculo en comisión por omisión /cMariano J. Cartolano, Nerea L. Riolfo. cCiudad Autónoma de Buenos Aires :aThomson Reuters La Ley, b2023. ap. 83-94 aCita Online: AR/DOC/2386/2023. aSumario: I. Introducción.— II. La omisión impropia o "comisión por omisión": elementos estructurales.— III. Problemática en torno al principio de legalidad.— IV. La determinación de la posición de garante.— V. Análisis del caso. tSi te interesa el texto completo, solicitalo a koha@justierradelfuego.gov.ar 09343aDERECHO PENAL 97054aRiolfo, Nerea L.0 0265893164tRevista de derecho penal y criminología. Nº 10 - Noviembre 2023dCiudad Autónoma de Buenos Aires : Thomson Reuters La Ley, 2017-x00347914 2udccANA